[Event "IECG QN.2000.0.00136"]
[Site "IECG email"]
[Date "2000.08.24"]
[Round "?"]
[White "Schoenhofen, Ricardo"]
[Black "Korhonen, Paul"]
[Result "1-0"]
[WhiteElo "800"]
[BlackElo "639"]
[PlyCount "57"]
[EventDate "2000.08.24"]
[EventType "tourn (corr)"]
[EventRounds "6"]
[SourceTitle "Corr 2008"]
[Source "ChessBase"]
[SourceDate "2008.06.24"]
[SourceVersion "1"]
[SourceVersionDate "2008.06.24"]
[SourceQuality "1"]

1. e4 e5 2. Nf3 Nc6 3. Bc4 Nf6 4. Ng5 d5 5. exd5 Na5 6. d3 Nxc4 7. dxc4 Bc5 8. 0-0 Bg4 9. Qd3 h6 10. Ne4 Be7 11. Qg3 Be2 12. Qxg7 Rf8 13. Bxh6 Nxe4 14. Qxe5 Qd6 15. Qxe4 Rh8 16. Bf4 Qf6 17. Be5 Qh6 18. Qxe2 Rh7 19. Bxc7 Rc8 20. Bg3 f5 21. Qe3 Qa6 22. b3 Rf7 23. d6 f4 24. Bxf4 Qc6 25. Re1 Kd7 26. Nc3 Bxd6 27. Qe6+ Kc7 28. Bxd6+ Qxd6 29. Nb5+ 1-0

[Event "IECG QN.2000.0.00136"]
[Site "IECG email"]
[Date "2000.08.24"]
[Round "?"]
[White "Wilson, Jordan"]
[Black "Korhonen, Paul"]
[Result "0-1"]
[WhiteElo "800"]
[BlackElo "639"]
[PlyCount "69"]
[EventDate "2000.08.24"]
[EventType "tourn (corr)"]
[EventRounds "6"]
[SourceTitle "Corr 2008"]
[Source "ChessBase"]
[SourceDate "2008.06.24"]
[SourceVersion "1"]
[SourceVersionDate "2008.06.24"]
[SourceQuality "1"]

1. e4 e5 2. Nf3 Nc6 3. Bc4 Be7 4. d3 h6 5. c3 Nf6 6. 0-0 d6 7. Bb3 Bg4 8. Be3 Nd7 9. h3 Bxf3 10. Qxf3 0-0 11. Qg3 Bg5 12. f4 Bf6 13. Nd2 a5 14. Nf3 Nc5 15. Bc2 b5 16. fxe5 Nxe5 17. Bxh6 Ng6 18. Bg5 Ne6 19. Bxf6 Qxf6 20. Nd4 Qe7 21. Nf5 Qg5 22. Qxg5 Nxg5 23. h4 Ne6 24. h5 Ne5 25. d4 Nc4 26. b3 Nb6 27. Rf3 f6 28. Rg3 Kf7 29. Nh4 Rh8 30. e5 dxe5 31. dxe5 fxe5 32. Bg6+ Kg8 33. Re1 Nd7 34. Be4 Rd8 35. Bd5 0-1